1948 1683 1736 1698 1812 1757 1055 1726 1542 1557 1692 1056 1121 1686 1314 1299 1937 1855 1526 1962 1252 1565 1868 1893 1635 1174 1273 1663 1063 1660 1255 1640 1941 1865 1047 1805 1544 1608 1660 1822 1951 1622 1226 1620 1633 1667 1239 1080 1802 1646 1770 1148 1820 1725 1257 1776 1541 1432 1682 1056 1331 1203 1030 1750 1227 1681 1846 1311 1586 1146 1582 1050 1319 1890 1534 1315 1669 1435 1801 1531 1580 1026 1042 1092 1373 1471 1161 1077 1003 1480 1912 1403 1313 1280 1023 1143 1024 1029 1507 BCNSPRNW ULIB Ver.6.0+V

เปลี่ยนเป็นภาษาไทย

Change to English
 แสดงรายละเอียดบรรณานุกรม
  กลับหน้าหลัก

Brief Record : Get Marc (ISO 2709) : E-mail record : QR code < ปิดหน้าต่าง
LEADER : 00000nam 2200000uu 4500
001    13399113922
003     ULIB
008    120113s2553||||th 000 0 tha d
020    ^a9741334087
050  4 ^aPL4165^bพ755ค
100 0  ^aพิศศรี กมลเวชช
245 10 ^aครบครันเรื่องวรรณยุกต์ /^cพิศศรี กมลเวชช
250    ^aพิมพ์ครั้งที่ 7
260    ^aกรุงเทพฯ :^bหอรัตนชัยการพิมพ์,^c2553
300    ^aก-ง , 104 หน้า ;^c21 ซม.
650  4 ^aภาษาไทย^xการออกเสียง
650  4 ^aภาษาไทย^xวรรณยุกต์
650  4 ^aภาษาไทย^xสัทธศาสตร์
945    ^p0^l0^i18651
995    ^aเกษร
999    ^aใช้งานได้ทุกระบบ
รายการนี้ยังไม่มีแท็ก
คุณยังไม่ได้ล็อกอิน คุณสามารถมีกิจกรรมร่วมกับเว็บไซต์ได้ แต่ต้องล็อกอินก่อน ::
  ล็อกอิน

รายการสื่อสารสนเทศ

ลำดับที่ ประเภท เลขเรียก/บาร์โค้ด สถานที่ สถานะ
1. วิทยาศาสตร์การแพทย์ และสุขภาพ
วิทยาศาสตร์การแพทย์ และสุขภาพ
PL4165 พ755ค  
  Barcode: 18651
ห้องสมุดวิทยาเขตสวรรค์ประชารักษ์
►นวนิยาย
บนชั้น
  ขอยืม

รายการใกล้เคียง
    ผู้แต่ง [พิศศรี กมลเวชช]

BibComment


ยังไม่เคยถูกคอมเมนท์

คอมเมนท์ทรัพยากรรายการนี้
  คอมเมนท์: ครบครันเรื่องวรร..


 Copyright 2026. Bcnsprnw @Library